Urban problems and policy perspectives (Record no. 410037)

000 -LEADER
fixed length control field 00356cam a22001217a 4500
008 - FIXED-LENGTH DATA ELEMENTS--GENERAL INFORMATION
fixed length control field 180718b1981 xxu||||| |||| 00| 0 eng d
082 ## - DEWEY DECIMAL CLASSIFICATION NUMBER
Classification number J71x54 B469U
245 ## - TITLE STATEMENT
Title Urban problems and policy perspectives
Statement of responsibility, etc. edited by Gopal Bhargava
260 ## - PUBLICATION, DISTRIBUTION, ETC.
Place of publication, distribution, etc. New Delhi
Name of publisher, distributor, etc. Abhinav
Date of publication, distribution, etc. 1981
300 ## - PHYSICAL DESCRIPTION
Extent xiii, 531p
650 ## - SUBJECT ADDED ENTRY--TOPICAL TERM
Topical term or geographic name entry element Urban policy -India.
700 ## - ADDED ENTRY--PERSONAL NAME
Personal name Bhargava, Gopal
Holdings
Withdrawn status Lost status Damaged status Not for loan Permanent Location Current Location Date acquired Full call number Barcode Date last seen Price effective from Koha item type
        Indian Institute of Public Administration Indian Institute of Public Administration 2009-01-13 J71x54 B469U DA5355 2018-07-21 2018-07-21 DA

Powered by Koha